000 00566nam a2200145 a 4500
001 000033588
005 20200930070352.0
008 110901s1897 dr 000 0 spa d
040 _aDO-SdBNP
_bspa
_cBNPHU
100 1 _aRepública Dominicana
_bHacienda y comercio
_958336
245 1 0 _aMemoria que al ciudadano presidente de la República presenta al ciudadano Ministro de Correo y Telegrafos correspondiente al año 1897.
260 _aSanto Domingo :
_bImp. Cuna de América J. R. Roques,
_c1897.
300 _a1v. Con varias paginaciones ;
_c26 cm.
049 _aBNPD
999 _c33079
_d33079